Steven Soderbergh Movies Quiz Stats

 Plays Quiz Updated Mar 2, 2020

     
Support Sporcle.
Go Orange.
Score 0/31 Timer 05:00
1 Play Today
Year Movie % Correct
2001Ocean's Eleven
87%
2004Ocean's Twelve
86.3%
2007Ocean's Thirteen
85.6%
2000Traffic
74.1%
1989sex, lies and videotape
66.1%
2017Logan Lucky
54.1%
2000Erin Brockovich
51.5%
2012Magic Mike
49.6%
1998Out of Sight
42.5%
2019The Laundromat
41.7%
2013Side Effects
40.7%
2018Unsane
40%
2019High Flying Bird
38.7%
2008Che: Parts One and Two
35.7%
2002Solaris
35.6%
2009The Informant!
27.7%
Year Movie % Correct
2005Bubble
27.6%
2009The Girlfriend Experience
27.5%
1999The Limey
27.3%
2020Let Them All Talk
26.8%
2002Full Frontal
26.7%
2011Contagion
24.6%
1991Kafka
23.4%
2006The Good German
23.2%
1996Schizopolis
22.8%
1993King of the Hill
22.6%
2011Haywire
18.8%
1996Gray's Anatomy
13.9%
1995Underneath
12.1%
2010And Everything Is Going Fine
5.7%
2011The Last Time I Saw Michael Gregg
3.4%

From the Vault

Countries by First and Last Letter II

by saucsrock11

We've provided you with the bread, now make the sandwich.
Remove Ads.
Support Sporcle.
Get the best of Sporcle when you Go Orange. This ad-free experience offers more features, more stats, and more fun while also helping to support Sporcle. Thank you for becoming a member.

Show Comments

Extras

Top Quizzes Today


Score Distribution

Your Account Isn't Verified!

In order to create a playlist on Sporcle, you need to verify the email address you used during registration. Go to your Sporcle Settings to finish the process.

Report this User

Report this user for behavior that violates our Community Guidelines.

Details: